Al Jinn (Record no. 16065)

MARC details
000 -LEADER
fixed length control field 00576nam a2200241 a 4500
020 ## - INTERNATIONAL STANDARD BOOK NUMBER
ISBN 8185738
082 00 - DEWEY DECIMAL CLASSIFICATION NUMBER
Classification number 133.423
Author Cutter SAK
100 ## - MAIN ENTRY--AUTHOR NAME
Author name Sakr, Ahmad H
245 ## - TITLE STATEMENT
Title Al Jinn
260 ## - PUBLICATION, DISTRIBUTION, ETC. (IMPRINT)
Place of publication New Delhi
Name of publisher Islamic Book Service
Year of publication 2001
300 ## - PHYSICAL DESCRIPTION
Number of Pages 152p
500 ## - GENERAL NOTE
General note includes index and biblioraphy
505 2# - FORMATTED CONTENTS NOTE
Formatted contents note Conclusion
650 ## - SUBJECT ADDED ENTRY--TOPICAL TERM
Topical Term Demonology-Jinn
942 ## - ADDED ENTRY ELEMENTS (KOHA)
Koha item type Books
700 1# -
-- Sakr, Ahmad H
Holdings
Collection code Home library Current library Date acquired Cost, normal purchase price Full call number Accession Number Koha item type
  Henry Martyn Institute Library Henry Martyn Institute Library 03/15/2007 110.00 133.423 SAK 020672 Books
                   Copyright © 2026 | Henry Martyn Institute | Hyderabad | TS-500052 | INDIA | Implemented by hmi.edu.in
Hit-Count:

Powered by Koha